লোডিং...

Marine Biodiversity Conservation-A Practical Approach, HB

গ্রন্থ-পঞ্জীর বিবরন
প্রধান লেখক: Hiscock
বিন্যাস: Printed Book
প্রকাশিত: Routledge 2014
LEADER 00319 a2200097 4500
100 |a Hiscock 
245 |a Marine Biodiversity Conservation-A Practical Approach, HB 
260 |c 2014  |b Routledge 
942 |c BK  |6 _ 
999 |c 70529  |d 70529 
952 |0 0  |1 0  |4 0  |6 _  |7 0  |9 82590  |a UL  |b UL  |d 2015-02-16  |e 242  |g 0.00  |p 00072905  |r 2015-02-28  |v 0.00  |w 2015-02-16  |y BK